000 00933cab a2200241 4500
001 WB3319-36
008 090401t1997 xxu||||| |||| 00| 0 eng d
035 _a(Sirsi) u78371
041 _aeng
245 _aSustainable market recovery in prospect
260 _c1997
350 _a0
490 _aRICS Press Release
_v(pr51.hms)(pr52.hms) 14 May 1997, (6)
520 _aHouse prices continue to rise, but inflation is likely to be moderated by the prospect of higher interest rates and possible abolition of MIRAS, according to the RICS Housing Market Survey for April 1997. Highlights the south-west region for special mention. Copies available from the Library, price £10.
650 _aHOUSING MARKET
650 _aHOUSING STOCK
650 _aINTEREST RATES
650 _aMIRAS
650 _aRICS SURVEY
690 _aPROPERTY-RESIDENTIAL PROPERTY-RESIDENTIAL PROPERTY MARKET
942 _n0
948 _c16/05/1997
999 _c49323
_d49323